[Event "CRI-chT"]
[Site "San Jose"]
[Date "2012.07.26"]
[Round "5.3"]
[White "Ugalde Garcia, Ronald"]
[Black "Fonseca Cabrera, Ernesto Gregorio"]
[Result "1/2-1/2"]
[WhiteElo "2136"]
[BlackElo "2211"]
[PlyCount "91"]
[EventDate "2012.07.22"]
[EventType "team-tourn"]
[EventRounds "9"]
[EventCountry "CRI"]
[SourceTitle "EXT 2013"]
[Source "ChessBase"]
[SourceDate "2012.11.22"]
[SourceVersion "1"]
[SourceVersionDate "2012.11.22"]
[SourceQuality "1"]
[WhiteTeam "Santa Barbara"]
[BlackTeam "Construterra"]
[WhiteTeamCountry "CRI"]
[BlackTeamCountry "CRI"]

1. d4 Nf6 2. c4 e6 3. g3 d5 4. Bg2 Be7 5. Nf3 0-0 6. 0-0 dxc4 7. Nc3 c5 8. dxc5 Qa5 9. Qd4 Qxc5 10. Be3 Qh5 11. Qxc4 Nc6 12. Qh4 Qxh4 13. Nxh4 Ng4 14. Bd2 Rd8 15. Nf3 e5 16. Rfd1 Be6 17. h3 Nf6 18. Ng5 Bc4 19. b3 Ba6 20. e3 h6 21. Nf3 Bb4 22. a3 Rxd2 23. axb4 Rxd1+ 24. Rxd1 Nxb4 25. Nxe5 Rc8 26. Ne4 Nxe4 27. Bxe4 Re8 28. f4 Kf8 29. Kf2 Bb5 30. Bxb7 f6 31. Nc4 Rb8 32. Bf3 Ke7 33. e4 Bd7 34. g4 Nc2 35. Rd2 Na1 36. Ra2 Nxb3 37. Rxa7 Rb4 38. Ne3 Ke8 39. Nd5 Ra4 40. Rb7 Nc5 41. Rb8+ Kf7 42. Nb6 Ra2+ 43. Kg3 Bc6 44. Nd5 Ra3 45. Kg2 Ra2+ 46. Kg3 1/2-1/2

[Event "CRI-ch Phase1 72nd"]
[Site "Moravia"]
[Date "2008.05.23"]
[Round "7"]
[White "Ugalde Garcia, Ronald"]
[Black "Alfaro Murillo, Carlos Andres"]
[Result "1-0"]
[WhiteElo "2142"]
[BlackElo "2114"]
[PlyCount "105"]
[EventDate "2008.05.17"]
[EventType "swiss"]
[EventRounds "9"]
[EventCountry "CRI"]
[SourceTitle "EXT 2009"]
[Source "ChessBase"]
[SourceDate "2008.11.26"]
[SourceVersion "1"]
[SourceVersionDate "2008.11.26"]
[SourceQuality "1"]

1. d4 d5 2. c4 dxc4 3. e3 Nf6 4. Bxc4 e6 5. Nf3 a6 6. 0-0 c5 7. Nc3 Nc6 8. b3 Be7 9. Bb2 cxd4 10. exd4 Nb4 11. a3 Nbd5 12. Ne5 0-0 13. Rc1 Qd6 14. Bd3 b5 15. Nxd5 Qxd5 16. Be2 Qd6 17. Bf3 Nd5 18. Be4 Bb7 19. Qf3 Rab8 20. Qh3 h6 21. f4 f5 22. Bb1 Nf6 23. Nd3 Be4 24. Nc5 Bxb1 25. Rxb1 Qc6 26. b4 Bxc5 27. dxc5 Ne4 28. Rbd1 Rbd8 29. Rd3 Rd5 30. Rfd1 Rfd8 31. Qe3 Kf7 32. Be5 Rxd3 33. Rxd3 Rd5 34. Qe2 g6 35. Qd1 Ke7 36. Kf1 Rxd3 37. Qxd3 h5 38. Bb2 Qc7 39. g3 Qd7 40. Ke2 Qxd3+ 41. Kxd3 Nf2+ 42. Ke2 Ne4 43. Ke3 Kd7 44. Bc1 Nf6 45. Kd4 Ng4 46. h3 Nf2 47. Be3 Nh1 48. Ke5 Nxg3 49. Kf6 e5 50. fxe5 Ne4+ 51. Kxg6 Ke6 52. Bf4 Nc3 53. Kxh5 1-0

[Event "CRI-ch 68th"]
[Site "San Jose"]
[Date "2005.07.10"]
[Round "9"]
[White "Ugalde Garcia, Ronald"]
[Black "Arias Formoso, Rodolfo"]
[Result "1-0"]
[WhiteElo "2174"]
[BlackElo "2173"]
[PlyCount "53"]
[EventDate "2005.07.02"]
[EventType "tourn"]
[EventRounds "13"]
[EventCountry "CRI"]
[SourceTitle "CBM 107 Extra"]
[Source "ChessBase"]
[SourceDate "2005.09.01"]
[SourceVersion "1"]
[SourceVersionDate "2005.09.01"]
[SourceQuality "1"]

1. d4 d5 2. c4 c6 3. Nf3 Nf6 4. cxd5 cxd5 5. Nc3 Nc6 6. Bf4 Bf5 7. e3 e6 8. Bb5 Be7 9. Ne5 Rc8 10. Nxc6 bxc6 11. Ba6 Qb6 12. Bxc8 Qxb2 13. Qc1 Qb6 14. 0-0 0-0 15. e4 Nxe4 16. Nxe4 Qxd4 17. Ng3 Rxc8 18. Nxf5 exf5 19. Qe3 Qxe3 20. Bxe3 c5 21. Rac1 f4 22. Bxf4 d4 23. Rc4 g5 24. Bc1 Rd8 25. Ba3 Rd5 26. Rfc1 d3 27. Rd1 1-0

[Event "CRI-ch 68th"]
[Site "San Jose"]
[Date "2005.07.07"]
[Round "6"]
[White "Murillo Tsijli, Alexis"]
[Black "Ugalde Garcia, Ronald"]
[Result "1-0"]
[WhiteElo "2362"]
[BlackElo "2174"]
[PlyCount "135"]
[EventDate "2005.07.02"]
[EventType "tourn"]
[EventRounds "13"]
[EventCountry "CRI"]
[SourceTitle "CBM 107 Extra"]
[Source "ChessBase"]
[SourceDate "2005.09.01"]
[SourceVersion "1"]
[SourceVersionDate "2005.09.01"]
[SourceQuality "1"]

1. d4 d6 2. e4 g6 3. g3 Bg7 4. Bg2 Nf6 5. Ne2 Nbd7 6. h3 e5 7. 0-0 c6 8. a4 a5 9. dxe5 dxe5 10. Na3 0-0 11. Be3 Qe7 12. Nc4 Rd8 13. Qd6 Bf8 14. Qxe7 Bxe7 15. Rfd1 Rf8 16. f3 Kg7 17. Rd2 Ne8 18. Rad1 Nc5 19. Nb6 Rb8 20. b3 Be6 21. Nc1 Nf6 22. Nd3 Nxd3 23. Rxd3 Rfd8 24. Bf1 Rxd3 25. Rxd3 Rd8 26. Nc4 Rxd3 27. Bxd3 Bxc4 28. Bxc4 Nd7 29. Kg2 f6 30. Bd2 b6 31. Be6 Nc5 32. Bc8 Kf8 33. h4 Ke8 34. h5 Kd8 35. Bh3 Bf8 36. Kh2 Ke7 37. Be3 Kd6 38. Bf1 Be7 39. hxg6 hxg6 40. Bc4 Bd8 41. Kg2 Nd7 42. Bf7 Nf8 43. Kf2 b5 44. axb5 cxb5 45. Be8 Nd7 46. Ke2 g5 47. Kd2 a4 48. bxa4 Ba5+ 49. Kd3 bxa4 50. Bxd7 Kxd7 51. Bc5 g4 52. fxg4 Bc7 53. Kc4 Bd6 54. Be3 Be7 55. Bd2 Kc6 56. Bc1 Kb6 57. Be3+ Kc6 58. Bd2 a3 59. Kb3 Kb5 60. c4+ Kc6 61. Bc1 Kb6 62. Bxa3 Bxa3 63. Kxa3 Kc5 64. Kb3 Kd4 65. Kb4 Kxe4 66. c5 Kd5 67. Kb5 e4 68. c6 1-0

[Event "CRI-ch qual"]
[Site "San Jose"]
[Date "2005.06.22"]
[Round "8"]
[White "Ugalde Garcia, Ronald"]
[Black "Castro Madrigal, Randall"]
[Result "0-1"]
[WhiteElo "2157"]
[BlackElo "2016"]
[PlyCount "118"]
[EventDate "2005.06.??"]
[EventType "swiss"]
[EventRounds "9"]
[EventCountry "CRI"]
[SourceTitle "EXT 2006"]
[Source "ChessBase"]
[SourceDate "2005.11.24"]
[SourceVersion "1"]
[SourceVersionDate "2005.11.24"]
[SourceQuality "1"]

1. d4 Nf6 2. Nf3 d6 3. c4 g6 4. Nc3 Bg7 5. g3 c6 6. Bg2 Nbd7 7. e4 e5 8. 0-0 0-0 9. dxe5 dxe5 10. Qd6 Ne8 11. Qd3 Qe7 12. b3 Nc7 13. a4 Rd8 14. Ba3 Qe8 15. Rad1 Ne6 16. Ne2 Ndc5 17. Qe3 b6 18. Bb2 f6 19. Nh4 Bf8 20. Kh1 Bb7 21. Ba3 Rxd1 22. Rxd1 Rd8 23. Rxd8 Qxd8 24. Ng1 Qd3 25. Bc1 Qxe3 26. Bxe3 Nxb3 27. f4 exf4 28. gxf4 Bh6 29. Ne2 c5 30. Kg1 Nbd4 31. Bxd4 Nxd4 32. Nxd4 cxd4 33. e5 Bxg2 34. Nxg2 fxe5 35. fxe5 Kf7 36. Ne1 Ke6 37. Nf3 d3 38. Kf2 a5 39. h3 Bf4 40. Ke1 h6 41. Kd1 g5 42. Ne1 Kxe5 43. Nxd3+ Kd4 44. Ke2 Kxc4 45. Nf2 Kb4 46. Ng4 h5 47. Nf6 Kxa4 48. Nxh5 Be5 49. Kd3 b5 50. Ke4 b4 51. Kxe5 b3 52. Ng3 b2 53. Ne4 Kb3 54. Nd2+ Kc2 55. Nc4 b1Q 56. Na3+ Kb2 57. Nxb1 Kxb1 58. Kf5 a4 59. Kxg5 a3 0-1

[Event "CRI-ch qual"]
[Site "San Jose"]
[Date "2005.06.11"]
[Round "1"]
[White "Vives Rodriguez, David Alberto"]
[Black "Ugalde Garcia, Ronald"]
[Result "1-0"]
[WhiteElo "2030"]
[BlackElo "2157"]
[PlyCount "99"]
[EventDate "2005.06.??"]
[EventType "swiss"]
[EventRounds "9"]
[EventCountry "CRI"]
[SourceTitle "EXT 2006"]
[Source "ChessBase"]
[SourceDate "2005.11.24"]
[SourceVersion "1"]
[SourceVersionDate "2005.11.24"]
[SourceQuality "1"]

1. e4 e6 2. d4 d5 3. exd5 exd5 4. Nf3 Nf6 5. Bg5 Be7 6. Bd3 Bg4 7. 0-0 0-0 8. Re1 Nbd7 9. Nbd2 Re8 10. c3 c6 11. Qc2 h6 12. Bf4 c5 13. h3 Bxf3 14. Nxf3 cxd4 15. Nxd4 Bf8 16. Kf1 Qb6 17. Qb3 Rxe1+ 18. Rxe1 Bc5 19. Qxb6 Bxb6 20. Nf5 Nc5 21. Bc2 Ne6 22. Be5 Nd7 23. Ne7+ Kh8 24. Nxd5 Nxe5 25. Rxe5 Bc5 26. Bb3 Bd6 27. Re1 Nc5 28. Ne3 f6 29. Rd1 Bf8 30. Bc2 a5 31. Nc4 b5 32. Nb6 Rb8 33. Nd7 Nxd7 34. Rxd7 Bc5 35. Rd5 Be7 36. Bd3 Rd8 37. Rxd8+ Bxd8 38. Bxb5 Kg8 39. Ke2 Kf7 40. Kd3 Ke6 41. b4 axb4 42. cxb4 Kd5 43. Bc4+ Kc6 44. Ke4 h5 45. Kf5 g5 46. Ke6 Kb6 47. f3 Kc6 48. a4 Kb6 49. Kd7 Bc7 50. a5+ 1-0

[Event "San Jose zt 2.3.c2"]
[Site "San Jose"]
[Date "2004.09.08"]
[Round "5"]
[White "Ugalde Garcia, Ronald"]
[Black "Urbina, Ricardo"]
[Result "1-0"]
[WhiteElo "2165"]
[BlackElo "2247"]
[PlyCount "117"]
[EventDate "2004.09.05"]
[EventType "swiss"]
[EventRounds "9"]
[EventCountry "CRI"]
[SourceTitle "CBM 102 Extra"]
[Source "ChessBase"]
[SourceDate "2004.11.03"]
[SourceVersion "1"]
[SourceVersionDate "2004.11.03"]
[SourceQuality "1"]

1. d4 d5 2. c4 c6 3. Nf3 Nf6 4. Nc3 e6 5. cxd5 exd5 6. Bg5 Be7 7. Qc2 h6 8. Bh4 0-0 9. e3 Ne4 10. Bxe7 Qxe7 11. Bd3 Nxc3 12. Qxc3 Be6 13. 0-0 Nd7 14. b4 Rac8 15. a4 f5 16. Nd2 f4 17. exf4 Rxf4 18. f3 Qf6 19. Nb3 Rf8 20. Rae1 Kh8 21. Bc2 Bg8 22. Qe3 Rf7 23. Qe6 Qd8 24. a5 Nf8 25. Qe3 Qd6 26. Nc5 Qf6 27. Nb3 Qd6 28. g3 R4f6 29. Nc5 b6 30. axb6 axb6 31. Nd3 Re6 32. Qd2 Rxe1 33. Qxe1 Re7 34. Qd2 Bh7 35. Ne5 Bxc2 36. Qxc2 c5 37. bxc5 bxc5 38. f4 c4 39. Ra1 Qb6 40. Ra8 Kg8 41. Qf5 Qf6 42. Qc8 h5 43. Qd8 Rxe5 44. dxe5 Qf5 45. Qxd5+ Kh7 46. Qxc4 Qb1+ 47. Qf1 Qb6+ 48. Qf2 Qb1+ 49. Qf1 Qb6+ 50. Kg2 Qc6+ 51. Qf3 Qc2+ 52. Kf1 Qb1+ 53. Kf2 Qb2+ 54. Qe2 Qb6+ 55. Qe3 Qb2+ 56. Kf3 Ne6 57. Qd3+ g6 58. Qd7+ Ng7 59. Ra7 1-0

[Event "CRI-ch"]
[Site "San Jose"]
[Date "2004.07.13"]
[Round "6"]
[White "Ugalde Garcia, Ronald"]
[Black "Gonzalez Acosta, Bernal Manuel"]
[Result "0-1"]
[WhiteElo "2165"]
[BlackElo "2420"]
[PlyCount "94"]
[EventDate "2004.07.05"]
[EventType "tourn"]
[EventRounds "13"]
[EventCountry "CRI"]
[SourceTitle "EXT 2005"]
[Source "ChessBase"]
[SourceDate "2004.11.15"]
[SourceVersion "1"]
[SourceVersionDate "2004.11.15"]
[SourceQuality "1"]

1. d4 f5 2. c4 Nf6 3. Nf3 g6 4. Nc3 Bg7 5. Bg5 d6 6. Bxf6 Bxf6 7. e4 0-0 8. Bd3 e6 9. Qb3 Nc6 10. Ne2 Kh8 11. h3 a5 12. a3 Qe7 13. 0-0 Qg7 14. Rad1 a4 15. Qc2 Nxd4 16. Nexd4 Bxd4 17. Nxd4 Qxd4 18. exf5 exf5 19. Rfe1 Qf6 20. Rd2 Bd7 21. c5 d5 22. Rde2 Rae8 23. Qd2 Rxe2 24. Rxe2 f4 25. Qc2 f3 26. Re3 fxg2 27. Rg3 Qf4 28. Kxg2 Bc6 29. Kg1 d4 30. Bf1 Be4 31. Bd3 Bd5 32. Bf1 Bb3 33. Qe2 d3 34. Rxd3 Bc4 35. Qc2 Bxd3 36. Bxd3 Qd4 37. Bb5 Rf5 38. Qe2 Rg5+ 39. Kf1 Re5 40. Qf3 Rf5 41. Qe2 Qxc5 42. Bxa4 Re5 43. Qf3 Qc4+ 44. Kg1 Rg5+ 45. Kh2 Rf5 46. Qd1 Qf4+ 47. Kh1 Qxf2 0-1

[Event "CRI-ch 67th"]
[Site "Cenfotec"]
[Date "2003.06.16"]
[Round "4"]
[White "Arias Formoso, Rodolfo"]
[Black "Ugalde Garcia, Ronald"]
[Result "1/2-1/2"]
[WhiteElo "2180"]
[BlackElo "2183"]
[PlyCount "69"]
[EventDate "2003.06.13"]
[EventType "swiss"]
[EventRounds "11"]
[EventCountry "CRI"]
[SourceTitle "CBM 094 Extra"]
[Source "ChessBase"]
[SourceDate "2003.07.09"]
[SourceVersion "2"]
[SourceVersionDate "2003.07.09"]
[SourceQuality "1"]

1. d4 Nf6 2. Nf3 d5 3. Bf4 c5 4. c3 e6 5. e3 Nc6 6. Bd3 Be7 7. Nbd2 0-0 8. 0-0 Nh5 9. Bg3 Nxg3 10. hxg3 Qc7 11. Re1 f5 12. Bb5 Bd6 13. Bxc6 bxc6 14. c4 Rb8 15. Qc2 Rf6 16. cxd5 cxd5 17. dxc5 Qxc5 18. Rac1 Qb5 19. Qc6 Qxc6 20. Rxc6 e5 21. Nb3 Bd7 22. Rc2 Rff8 23. Nc5 Bb5 24. a4 Be8 25. Rd1 Bc6 26. Rdc1 Rfc8 27. Nd3 Bd7 28. Rxc8+ Rxc8 29. Rxc8+ Bxc8 30. Nfxe5 Kf8 31. b4 a6 32. b5 axb5 33. axb5 Ke7 34. Nf3 Kd7 35. Nd4 1/2-1/2

[Event "CRI-ch"]
[Site "San Jose"]
[Date "2002.??.??"]
[Round "2"]
[White "Murillo Tsijli, Alexis"]
[Black "Ugalde Garcia, Ronald"]
[Result "1/2-1/2"]
[WhiteElo "2377"]
[BlackElo "2162"]
[PlyCount "109"]
[EventDate "2002.06.??"]
[EventType "swiss"]
[EventRounds "11"]
[EventCountry "CRI"]
[SourceTitle "EXT 2007"]
[Source "ChessBase"]
[SourceDate "2006.11.23"]
[SourceVersion "1"]
[SourceVersionDate "2006.11.23"]
[SourceQuality "1"]

1. e4 c6 2. d4 d5 3. exd5 cxd5 4. c4 Nf6 5. Nc3 g6 6. Nf3 Bg7 7. Be2 0-0 8. 0-0 Nc6 9. Re1 a6 10. Bg5 dxc4 11. Bxc4 b5 12. Bf1 Bg4 13. d5 Nb4 14. Bxf6 Bxf6 15. Re4 Bxf3 16. Qxf3 Bxc3 17. bxc3 Nxd5 18. Rd1 e6 19. c4 bxc4 20. Bxc4 Qa5 21. Re5 Rae8 22. g3 Qc7 23. Re4 Nb6 24. Bb3 Rd8 25. Rde1 Nd5 26. h4 Qc3 27. Qe2 Rd6 28. Rc4 Qf6 29. Rec1 Ne7 30. Qe1 Nf5 31. Qb4 e5 32. Rc8 Qe7 33. Qb8 Rdd8 34. Rxd8 Rxd8 35. Rc8 Rxc8 36. Qxc8+ Kg7 37. Qxa6 e4 38. Qe2 e3 39. fxe3 Nxg3 40. Qf3 Nf5 41. h5 Nxe3 42. Bxf7 Qxf7 43. Qxe3 Qxa2 44. Qe7+ Kh6 45. hxg6 Qb1+ 46. Kf2 Qc2+ 47. Kf3 Qc3+ 48. Kf2 Qd4+ 49. Kg3 Qg1+ 50. Kh3 Qf1+ 51. Kg3 hxg6 52. Qh4+ Kg7 53. Qe7+ Qf7 54. Qxf7+ Kxf7 55. Kg4 1/2-1/2

[Event "CRI-ch"]
[Site "San Jose"]
[Date "2002.??.??"]
[Round "3"]
[White "Ugalde Garcia, Ronald"]
[Black "Ramirez Alvarez, Alejandro"]
[Result "0-1"]
[WhiteElo "2162"]
[BlackElo "2288"]
[PlyCount "90"]
[EventDate "2002.06.??"]
[EventType "swiss"]
[EventRounds "11"]
[EventCountry "CRI"]
[SourceTitle "EXT 2007"]
[Source "ChessBase"]
[SourceDate "2006.11.23"]
[SourceVersion "1"]
[SourceVersionDate "2006.11.23"]
[SourceQuality "1"]

1. e4 c5 2. Nc3 Nc6 3. g3 g6 4. Bg2 Bg7 5. f4 e6 6. Nf3 Nge7 7. d3 d5 8. 0-0 0-0 9. Qe1 b6 10. Kh1 Ba6 11. e5 Nf5 12. Ne2 f6 13. g4 Nfe7 14. Qh4 Nc8 15. Qh3 Qe7 16. exf6 Qxf6 17. Nc3 N8e7 18. Bd2 Rac8 19. Rae1 Nd4 20. Ng5 h6 21. Nxe6 Nxc2 22. Nxd5 Nxd5 23. Bxd5 Nxe1 24. Bc3 Bb7 25. Bxb7 Qxe6 26. Rxe1 Qxa2 27. Bxg7 Kxg7 28. g5 Rc7 29. Qxh6+ Kg8 30. Qxg6+ Rg7 31. Qe4 Rd7 32. Qg6+ Rg7 33. Qd6 Rxb7 34. g6 Rf5 35. Re7 Rxe7 36. Qxe7 Qb1+ 37. Kg2 Qxb2+ 38. Kg3 Qf6 39. Qh7+ Kf8 40. h4 Qg7 41. Kg4 Qxh7 42. gxh7 Rxf4+ 43. Kxf4 Kg7 44. Ke4 a5 45. Kd5 Kxh7 0-1

[Event "CRI-ch"]
[Site "San Jose"]
[Date "2002.??.??"]
[Round "8"]
[White "Valdes Romero, Leonardo"]
[Black "Ugalde Garcia, Ronald"]
[Result "1-0"]
[WhiteElo "2285"]
[BlackElo "2162"]
[PlyCount "47"]
[EventDate "2002.06.??"]
[EventType "swiss"]
[EventRounds "11"]
[EventCountry "CRI"]
[SourceTitle "EXT 2007"]
[Source "ChessBase"]
[SourceDate "2006.11.23"]
[SourceVersion "1"]
[SourceVersionDate "2006.11.23"]
[SourceQuality "1"]

1. c4 e5 2. Nc3 Nc6 3. Nf3 g6 4. d4 exd4 5. Nxd4 Bg7 6. Nxc6 bxc6 7. g3 Ne7 8. Bg2 0-0 9. 0-0 Rb8 10. Qa4 a6 11. Rd1 d6 12. c5 d5 13. h3 Re8 14. e4 Bb7 15. Bg5 h6 16. exd5 cxd5 17. Bxe7 Qxe7 18. c6 Bxc3 19. cxb7 Bxb2 20. Rab1 Rxb7 21. Bxd5 Rb6 22. Bb3 Qe5 23. Rxb2 c5 24. Bxf7+ 1-0

[Event "American Continental 01st"]
[Site "Cali"]
[Date "2001.08.16"]
[Round "7"]
[White "Ugalde Garcia, Ronald"]
[Black "Saladen Dulce, Rafael"]
[Result "1/2-1/2"]
[WhiteElo "2167"]
[BlackElo "2287"]
[PlyCount "142"]
[EventDate "2001.08.09"]
[EventType "swiss"]
[EventRounds "11"]
[EventCountry "COL"]
[SourceTitle "CBM 083 Extra"]
[Source "ChessBase"]
[SourceDate "2001.09.11"]
[SourceVersion "1"]
[SourceVersionDate "2001.09.11"]
[SourceQuality "1"]

1. d4 Nf6 2. c4 g6 3. Nc3 d5 4. cxd5 Nxd5 5. g3 Bg7 6. Bg2 Nxc3 7. bxc3 0-0 8. Nf3 c5 9. 0-0 Nc6 10. e3 Rb8 11. a4 b6 12. Qe2 cxd4 13. cxd4 Nb4 14. Rd1 a5 15. Ba3 Ba6 16. Qd2 Nd5 17. e4 Nf6 18. Ne5 Bb7 19. Qe3 Nd7 20. Nc4 Rc8 21. Rac1 Bc6 22. Qb3 b5 23. axb5 Rb8 24. b6 Nxb6 25. Nxb6 Rxb6 26. Qc3 Ba4 27. Rd2 Rc6 28. Bc5 e5 29. d5 Bh6 30. f4 Rxc5 31. Qxc5 exf4 32. Rd4 Bb3 33. Re1 fxg3 34. hxg3 Qg5 35. Rd3 a4 36. e5 Rd8 37. d6 Bf8 38. Bd5 h5 39. Bxb3 axb3 40. Qb6 Bg7 41. Qxb3 Bxe5 42. Rd5 Qxg3+ 43. Qxg3 Bxg3 44. Red1 Rd7 45. Kg2 h4 46. Kf3 f5 47. Rc5 Kf7 48. Rc6 Ke6 49. Rd2 Rxd6 50. Re2+ Kf6 51. Rc8 Rd3+ 52. Kg2 Bd6 53. Rh8 Rg3+ 54. Kh1 h3 55. Rh2 Kg5 56. R2xh3 Kg4 57. R8h4+ Kf3 58. Rh6 g5 59. Rxg3+ Bxg3 60. Ra6 Bf2 61. Ra5 Ke4 62. Kg2 Bd4 63. Ra4 f4 64. Kh3 f3 65. Kg3 g4 66. Rb4 Ke3 67. Kxg4 f2 68. Rb1 Ke2 69. Rh1 Be5 70. Kh3 f1Q+ 71. Rxf1 Kxf1 1/2-1/2

[Event "CRI-ch"]
[Site "San Jose"]
[Date "2001.06.29"]
[Round "4"]
[White "Ugalde Garcia, Ronald"]
[Black "Barrios, Carlos"]
[Result "1-0"]
[WhiteElo "2167"]
[BlackElo "2188"]
[PlyCount "67"]
[EventDate "2001.05.26"]
[EventType "swiss"]
[EventRounds "13"]
[EventCountry "CRI"]
[SourceTitle "CBM 082 Extra"]
[Source "ChessBase"]
[SourceDate "2001.07.03"]
[SourceVersion "1"]
[SourceVersionDate "2001.07.03"]
[SourceQuality "1"]

1. d4 Nf6 2. c4 g6 3. g3 Bg7 4. Bg2 0-0 5. Nf3 d6 6. 0-0 Nbd7 7. Nc3 e5 8. e4 c6 9. h3 Re8 10. d5 cxd5 11. cxd5 Nc5 12. Qc2 a5 13. Be3 b6 14. Rfc1 Bd7 15. Bf1 Rf8 16. Nd2 Nh5 17. Nc4 Be8 18. a4 f5 19. Bxc5 bxc5 20. Bd3 f4 21. g4 f3 22. gxh5 Qg5+ 23. Kf1 Qg2+ 24. Ke1 Qg1+ 25. Bf1 Bh6 26. Rd1 Bd7 27. Qd3 Rab8 28. Nb5 Bxb5 29. axb5 Rxb5 30. Rxa5 Rb4 31. Rda1 Qg5 32. Ra8 Rxc4 33. Rxf8+ Kxf8 34. Qxf3+ 1-0

[Event "CRI-ch"]
[Site "San Jose"]
[Date "2001.06.04"]
[Round "8"]
[White "Hernandez Basante, Francisco"]
[Black "Ugalde Garcia, Ronald"]
[Result "1/2-1/2"]
[WhiteElo "2265"]
[BlackElo "2167"]
[PlyCount "55"]
[EventDate "2001.05.26"]
[EventType "swiss"]
[EventRounds "13"]
[EventCountry "CRI"]
[SourceTitle "CBM 082 Extra"]
[Source "ChessBase"]
[SourceDate "2001.07.03"]
[SourceVersion "1"]
[SourceVersionDate "2001.07.03"]
[SourceQuality "1"]

1. d4 d5 2. Bg5 Nf6 3. e3 e6 4. Bd3 Nbd7 5. f4 c5 6. Nf3 Qb6 7. b3 Ne4 8. 0-0 Bd6 9. Bxe4 dxe4 10. Nfd2 Qc6 11. Nc3 f5 12. Nc4 Nb6 13. Nxd6+ Qxd6 14. Nb5 Qc6 15. dxc5 0-0 16. cxb6 Qxb5 17. bxa7 Qc5 18. Qd2 Rxa7 19. c4 b5 20. cxb5 Qxb5 21. Qc3 Ba6 22. a4 Qb6 23. Rfc1 Rb8 24. a5 Qxb3 25. Qxb3 Rxb3 26. Bd8 Rd7 27. Bb6 Rd2 28. Rd1 1/2-1/2